000 00459nam a2200169Ia 4500
005 20250923144508.0
008 008 250917s9999 xx 000 0 eng d
037 _aTextual
040 _aDSWL
_beng
_cDSWL
041 _aeng
_2eng
084 _qDSWL
245 0 _aGeneral education in a free society
_cby Harvard Committee USA
260 _aCambridge
_bHarvard Univ Press
_c1952
300 _axix,267p.
942 _cTEXL
999 _c1439645
_d1439645